A future for religion? : (Record no. 13897)

000 -LEADER
fixed length control field 00644cam a2200193 a 4500
020 ## - INTERNATIONAL STANDARD BOOK NUMBER
ISBN 0803946759 (cl)
020 ## - INTERNATIONAL STANDARD BOOK NUMBER
ISBN 0803946767 (pb)
040 ## - CATALOGING SOURCE
Transcribing agency DLC
082 00 - DEWEY DECIMAL CLASSIFICATION NUMBER
Classification number 306 SAG 1993 A012 Or.
245 02 - TITLE STATEMENT
Title A future for religion? :
Remainder of title new paradigms for social analysis /
260 ## - PUBLICATION, DISTRIBUTION, ETC. (IMPRINT)
Place of publication Newbury Park :
Name of publisher Sage Publications,
Year of publication c1993.
300 ## - PHYSICAL DESCRIPTION
Number of Pages xviii, 210 p. ;
Dimensions 23 cm.
490 0# - SERIES STATEMENT
Series statement Sage focus editions ;
650 #0 - SUBJECT ADDED ENTRY--TOPICAL TERM
Topical Term Religion and sociology.
700 1# - ADDED ENTRY--PERSONAL NAME
Personal name Swatos, William H. ,
856 42 - ELECTRONIC LOCATION AND ACCESS
Uniform Resource Identifier http://www.loc.gov/catdir/enhancements/fy0655/92032146-d.html
856 41 - ELECTRONIC LOCATION AND ACCESS
Uniform Resource Identifier http://www.loc.gov/catdir/enhancements/fy0655/92032146-t.html
942 ## - ADDED ENTRY ELEMENTS (KOHA)
Koha item type សៀវភៅភាសាអង់គ្លេស
952 ## - LOCATION AND ITEM INFORMATION (KOHA)
Withdrawn status [LOCAL, KOHA] 0
Holdings
Permanent Location Date acquired Koha item type Lost status Shelving location Barcode Current Location Full call number
Library Block A2017-10-02សៀវភៅភាសាអង់គ្លេស A066A14243Library Block A306 SAG 1993 A066 Or.
មជ្ឈមណ្ឌលឯការនៃសាកលវិទ្យាល័យភូមិន្ទកសិកម្មចំការដូង

Powered by Koha